Dramaturgia y género en el Chile de los sesenta /

Reconociendo la dramaturgia como un hecho histórico y considerándola como objeto de estudio, este libro, da cuenta de la representación de la sociedad que entregan los dramaturgos por medio de sus obras de teatro, así como de un pequeño fragmento de la historia del teatro chileno.

Bibliographic Details
Main Author: Darrigrandi, Claudia
Format: Libro
Language:Spanish
Published: Santiago, Chile Dirección de Bibliotecas, Archivos y Museos 2001
Series:Sociedad y cultura 25
Subjects:
Online Access:

MARC

LEADER 00000cam a2200000 a 4500
001 028212
003 UAHC_CL
005 20170803122917.0
008 100420s2001 cl 000 spa
020 |a 9568026029 
040 |a UAHC_CL  |c UAHC_CL  |d UAHC_CL 
082 0 4 |a Ch862.09  |b D225  |2 21 
100 1 |a Darrigrandi, Claudia 
245 1 0 |a Dramaturgia y género en el Chile de los sesenta /  |c Claudia Darrigrandi Navarro ; prólogo de Egon Wolff ; epílogo de David Benavente. 
260 |b Dirección de Bibliotecas, Archivos y Museos  |a Santiago, Chile  |c 2001 
300 |a 191 p. 
490 0 |a Sociedad y cultura  |v 25 
520 |a Reconociendo la dramaturgia como un hecho histórico y considerándola como objeto de estudio, este libro, da cuenta de la representación de la sociedad que entregan los dramaturgos por medio de sus obras de teatro, así como de un pequeño fragmento de la historia del teatro chileno. 
650 4 |a ROLES SEXUALES EN LITERATURA 
650 4 |a DRAMA CHILENO  |x HISTORIA Y CRITICA 
900 |a Ch862.09 DAR 
942 |c BK 
952 |0 0  |1 0  |4 0  |6 CH_862_090000000000000_DAR  |7 0  |8 General  |9 55915  |a BS  |b BS  |c General  |d 2017-08-03  |l 0  |o Ch862.09 DAR  |p 1377751  |r 2025-11-26 00:00:00  |t 1  |w 2017-08-03  |y BK 
999 |c 28212  |d 28212